000 00671nam a2200229Ia 4500
003 OSt
005 20220928104111.0
006 a|||||r|||| 00| 0
007 ta
008 220927b |||||||| |||| 00| 0 eng d
024 _a36839
037 _cTextual
040 _aSDCL
_cSDCL
_beng
041 _2eng
_aeng
082 _aV2:3(Y5927)'N9, N2
100 _aGomango Giridhar
_9408574
245 0 _aConstitutional provisions for the scheduled castes and the scheduled tribes
260 _aDelhi
_bHimalaya Publishing House
_c1992
300 _a259p
_ccm.
942 _hV2:3(Y5927)'N9, N2
_cTEXL
_2CC
999 _c724070
_d724070